پول صراط / (Record no. 174338)

MARC details
000 -LEADER
fixed length control field 00562nam a22001937a 4500
005 - DATE AND TIME OF LATEST TRANSACTION
control field 20200609110403.0
010 ## - LCCN (DPL NO)
LC control number B-209015
020 ## - INTERNATIONAL STANDARD BOOK NUMBER
Terms of availability 160.00
International Standard Book Number 8182231639
035 ## - SYSTEM CONTROL NUMBER
System control number B-209015
037 ## - SOURCE OF ACQUISITION
Source of stock number/acquisition BPPD/Pub.
082 ## - DEWEY DECIMAL CLASSIFICATION NUMBER
Classification number ک
100 ## - MAIN ENTRY--PERSONAL NAME
Personal name مسرور جہاں
245 ## - TITLE STATEMENT
Title پول صراط /
Statement of responsibility, etc مسرور جہاں
246 ## - VARYING FORM OF TITLE
Title proper/short title Pul Sirat /
Remainder of title by Masroor Jahan
260 ## - PUBLICATION, DISTRIBUTION, ETC. (IMPRINT)
Place of publication, distribution, etc Delhi
Name of publisher, distributor, etc Educational Publishing House
Date of publication, distribution, etc 2008 ء
270 ## - ADDRESS
City Delhi
Address 3108, Vakil Street, Kucha Pandit, Lal Kuan
Postal code 110006
300 ## - PHYSICAL DESCRIPTION
Extent 220p.
Dimensions 21cm(Hb)
942 ## - ADDED ENTRY ELEMENTS (KOHA)
Source of classification or shelving scheme Dewey Decimal Classification
Item type Urdu Bks
Classification part ک
Call number suffix م س ر
Holdings
Withdrawn status Lost status Not for loan Collection code Home library Current library Date acquired Source of acquisition Cost, normal purchase price Full call number Barcode Copy number Cost, replacement price Koha item type
      Fiction Central Library Central Library 09/06/2020 BPPD/Ven. 160.00 ک م س ر B-209015 1 160.00 Urdu Bks

© Delhi Public Library
Hit Counter
free hit counter